000
00351pam a2200157a 44500
008
230515b1981 xxu||||| |||| 00| 0 eng d
020
_a
NULL
041
_a
ENGLISH
082
_a
N.D.
100
_a
Skolinik I.M.
245
_a
Introduction to radar system
250
_a
0
260
_a
NULL
_b
Macgraw Hill
_c
1981
300
_a
579
650
_a
NULL
999
_c
575066
_d
575066